[Event "CHN-ch blitz (Women)"]
[Site "Shenzhen"]
[Date "2017.12.09"]
[Round "7"]
[White "Ning, Kaiyu"]
[Black "Xu, Huahua"]
[Result "1/2-1/2"]
[WhiteElo "2169"]
[BlackElo "2222"]
[PlyCount "107"]
[EventDate "2017.12.08"]
[EventType "swiss (blitz)"]
[EventRounds "9"]
[EventCountry "CHN"]
[SourceTitle "CBM 182 Extra"]
[Source "ChessBase"]
[SourceDate "2018.02.23"]
[SourceVersion "1"]
[SourceVersionDate "2018.02.23"]
[SourceQuality "1"]

1. d4 Nf6 2. c4 g6 3. Nc3 Bg7 4. e4 d6 5. Nf3 0-0 6. h3 e5 7. dxe5 dxe5 8. Qxd8 Rxd8 9. Bg5 c6 10. Nxe5 Re8 11. 0-0-0 h6 12. Bxf6 Bxf6 13. Ng4 Bxg4 14. hxg4 Bxc3 15. bxc3 Kg7 16. f3 Na6 17. Bd3 Nc5 18. Bc2 a5 19. Rd6 Re7 20. Rhd1 a4 21. g3 a3 22. R6d2 Ra6 23. Kb1 Na4 24. Bxa4 Rxa4 25. Kc2 Rxc4 26. Rh2 Re5 27. Rb1 b5 28. Rb3 Rec5 29. Kd3 f5 30. gxf5 gxf5 31. Rxa3 fxe4+ 32. fxe4 Re5 33. Ra7+ Kg6 34. Rd7 Rcxe4 35. Rd6+ Re6 36. Rxe6+ Rxe6 37. Rh4 Kg5 38. Rf4 Re1 39. Rf8 Ra1 40. Rc8 Rxa2 41. Rxc6 Rg2 42. Rc5+ Kg4 43. Rxb5 Rxg3+ 44. Kd4 h5 45. c4 h4 46. c5 Rg1 47. c6 Rd1+ 48. Ke5 h3 49. Rb2 Rc1 50. Kd6 Kg3 51. c7 h2 52. Rxh2 Kxh2 53. Kd7 Rxc7+ 54. Kxc7 1/2-1/2

[Event "CHN-ch rapid (Women)"]
[Site "Shenzhen"]
[Date "2017.12.08"]
[Round "8"]
[White "Xu, Huahua"]
[Black "Ren, Xiaoyi"]
[Result "1-0"]
[WhiteElo "2222"]
[BlackElo "2254"]
[PlyCount "133"]
[EventDate "2017.12.07"]
[EventType "swiss (rapid)"]
[EventRounds "9"]
[EventCountry "CHN"]
[SourceTitle "CBM 182 Extra"]
[Source "ChessBase"]
[SourceDate "2018.02.23"]
[SourceVersion "1"]
[SourceVersionDate "2018.02.23"]
[SourceQuality "1"]

1. c4 c6 2. d4 d5 3. cxd5 cxd5 4. Bf4 Nf6 5. Nc3 Bf5 6. e3 Qb6 7. Bb5+ Nc6 8. Qb3 e6 9. Nf3 Nd7 10. 0-0 Bb4 11. Bxc6 bxc6 12. Na4 Qb5 13. Rfc1 0-0 14. a3 Be7 15. Qxb5 cxb5 16. Nc5 Nxc5 17. dxc5 Bf6 18. Be5 Be7 19. Nd4 Bd3 20. Rc3 Bg6 21. Nxb5 a6 22. Nd4 Rfc8 23. Rac1 Bd8 24. f4 a5 25. b4 axb4 26. axb4 Ra4 27. b5 Rb4 28. b6 Be4 29. Rb3 Rxb6 30. cxb6 Rxc1+ 31. Kf2 Bxb6 32. Rxb6 h6 33. Rb8+ Kh7 34. Rb7 Kg6 35. g4 Rh1 36. f5+ exf5 37. gxf5+ Bxf5 38. Nxf5 Kxf5 39. Bg3 Ke6 40. Rb6+ Ke7 41. Rd6 Rd1 42. Ke2 Rb1 43. Rxd5 g6 44. Kf3 h5 45. Re5+ Kf6 46. Ra5 Rb4 47. Ra6+ Kg7 48. Be5+ Kh6 49. Bf4+ Kg7 50. Bg5 Rb5 51. h4 Rb8 52. Bf6+ Kg8 53. Kf4 Re8 54. Rd6 Kf8 55. Rd8 Rxd8 56. Bxd8 Ke8 57. Bf6 Kd7 58. Ke5 Ke8 59. Bg5 Kf8 60. Kf6 Kg8 61. e4 Kf8 62. e5 Kg8 63. Ke7 Kg7 64. Bf6+ Kg8 65. Ke8 g5 66. Bxg5 Kg7 67. Bf6+ 1-0

[Event "CHN-ch blitz (Women)"]
[Site "Shenzhen"]
[Date "2017.12.08"]
[Round "2"]
[White "Zhang, Xiaowen"]
[Black "Xu, Huahua"]
[Result "1-0"]
[WhiteElo "2332"]
[BlackElo "2222"]
[PlyCount "70"]
[EventDate "2017.12.08"]
[EventType "swiss (blitz)"]
[EventRounds "9"]
[EventCountry "CHN"]
[SourceTitle "CBM 182 Extra"]
[Source "ChessBase"]
[SourceDate "2018.02.23"]
[SourceVersion "1"]
[SourceVersionDate "2018.02.23"]
[SourceQuality "1"]

1. e4 c5 2. Nf3 Nc6 3. Bb5 g6 4. 0-0 Bg7 5. c3 Nf6 6. Re1 0-0 7. h3 Ne8 8. d4 cxd4 9. cxd4 Nc7 10. Bf1 d5 11. e5 f6 12. exf6 Bxf6 13. Nc3 Bf5 14. Bh6 Re8 15. Rc1 a6 16. Bf4 Ne6 17. Be5 Bxe5 18. dxe5 d4 19. Ne4 Rc8 20. Ng3 Ng7 21. Ng5 e6 22. Bc4 b5 23. Bb3 Na5 24. Rxc8 Qxc8 25. Qxd4 Nxb3 26. axb3 Qc2 27. Qh4 h5 28. N5e4 Rd8 29. Nd6 Rd7 30. Qf6 Qd2 31. Ra1 Qxb2 32. Rxa6 Qc1+ 33. Kh2 Kh7 34. Nde4 Bxe4 35. Nxe4 Kh6 1-0

[Event "Cappelle op 32nd"]
[Site "Cappelle la Grande"]
[Date "2016.02.15"]
[Round "4"]
[White "Meskovs, Nikita"]
[Black "Xu, Huahua"]
[Result "0-1"]
[WhiteElo "2518"]
[BlackElo "2116"]
[PlyCount "68"]
[EventDate "2016.02.13"]
[EventType "swiss"]
[EventRounds "9"]
[EventCountry "FRA"]
[SourceTitle "EXT 2017"]
[Source "ChessBase"]
[SourceDate "2016.10.25"]
[SourceVersion "1"]
[SourceVersionDate "2016.10.25"]
[SourceQuality "1"]

1. d4 d5 2. Nf3 Nf6 3. c4 c6 4. Nc3 dxc4 5. a4 Bf5 6. Ne5 Nbd7 7. Nxc4 Nb6 8. Ne5 a5 9. f3 Nfd7 10. e4 Nxe5 11. exf5 Nec4 12. d5 Nd6 13. dxc6 bxc6 14. Qc2 g6 15. Ne4 Qd7 16. Nxd6+ Qxd6 17. Bf4 e5 18. fxe6 Qxe6+ 19. Kf2 Bb4 20. Bb5 0-0 21. Rhe1 Bxe1+ 22. Rxe1 Qf6 23. Qxc6 Qxf4 24. Qxb6 Qh4+ 25. Kf1 Qxh2 26. Qf6 Rac8 27. Kf2 Rc2+ 28. Re2 Qc7 29. b3 Qc5+ 30. Kg3 Rxe2 31. Bxe2 Re8 32. Bc4 Qe5+ 33. Qxe5 Rxe5 34. Kf4 Re1 0-1

[Event "CHN-chT"]
[Site "China"]
[Date "2015.10.29"]
[Round "17.30"]
[White "Xu, Huahua"]
[Black "Ju, Wenjun"]
[Result "0-1"]
[WhiteElo "2105"]
[BlackElo "2557"]
[PlyCount "102"]
[EventDate "2015.04.10"]
[EventType "team-match"]
[EventRounds "22"]
[EventCountry "CHN"]
[SourceTitle "EXT 2017"]
[Source "ChessBase"]
[SourceDate "2016.10.25"]
[SourceVersion "1"]
[SourceVersionDate "2016.10.25"]
[SourceQuality "1"]
[WhiteTeam "Shandong"]
[BlackTeam "Shanghai"]
[WhiteTeamCountry "CHN"]
[BlackTeamCountry "CHN"]

1. e4 c5 2. c3 Nf6 3. e5 Nd5 4. d4 cxd4 5. Nf3 Nc6 6. cxd4 d6 7. Bc4 Nb6 8. Bb5 e6 9. 0-0 Be7 10. Nc3 0-0 11. Qe2 Bd7 12. Bf4 dxe5 13. dxe5 Nb4 14. Bxd7 Qxd7 15. Bg5 N4d5 16. Ne4 Bxg5 17. Nfxg5 h6 18. Nh3 Rac8 19. Rad1 Qe7 20. Rd3 Nd7 21. f4 Nc5 22. Rg3 Nxe4 23. Qxe4 Qc5+ 24. Kh1 Qc4 25. Qxc4 Rxc4 26. f5 exf5 27. Rd3 Nb6 28. Rxf5 Rc1+ 29. Ng1 Re1 30. h3 g6 31. Rf2 Rxe5 32. Nf3 Re6 33. Rc2 Rfe8 34. b3 R6e7 35. Kg1 Kg7 36. Kf2 Nd7 37. a4 Nf6 38. g4 a6 39. a5 Re4 40. Rd4 Re3 41. b4 R8e7 42. h4 R7e4 43. Rxe4 Rxe4 44. g5 Ng4+ 45. Kg3 Rxb4 46. gxh6+ Nxh6 47. Rc7 Nf5+ 48. Kh3 Rf4 49. Ne5 Rxh4+ 50. Kg2 Nd6 51. Rd7 Rh5 0-1

[Event "CHN-chT"]
[Site "China"]
[Date "2015.08.21"]
[Round "13.5"]
[White "Guo, Qi"]
[Black "Xu, Huahua"]
[Result "1-0"]
[WhiteElo "2443"]
[BlackElo "2105"]
[PlyCount "81"]
[EventDate "2015.04.10"]
[EventType "team-match"]
[EventRounds "22"]
[EventCountry "CHN"]
[SourceTitle "EXT 2016"]
[Source "ChessBase"]
[SourceDate "2015.10.08"]
[SourceVersion "1"]
[SourceVersionDate "2015.10.08"]
[SourceQuality "1"]
[WhiteTeam "Jiangsu"]
[BlackTeam "Shandong"]
[WhiteTeamCountry "CHN"]
[BlackTeamCountry "CHN"]

1. d4 d5 2. Nf3 Nf6 3. c4 c6 4. e3 Bf5 5. Nc3 e6 6. Nh4 Bg6 7. Nxg6 hxg6 8. Bd3 Bd6 9. h3 Nbd7 10. 0-0 0-0 11. Qc2 Qe7 12. Bd2 Rac8 13. c5 Bb8 14. f4 Rfe8 15. b4 b5 16. a4 a6 17. axb5 axb5 18. Ra6 Nh7 19. e4 f5 20. e5 g5 21. Nxb5 cxb5 22. Bxb5 gxf4 23. Qa4 Red8 24. Bxf4 Ndf8 25. Qb3 Ng5 26. Ra2 Ne4 27. Ba6 Rc7 28. Be3 Nd7 29. Bd3 Nxe5 30. dxe5 d4 31. Bf4 Rb7 32. Qc4 Nc3 33. Ra6 Rd5 34. Rd6 Bxd6 35. exd6 Qf8 36. c6 Rb8 37. d7 Ra8 38. c7 Rxd7 39. Qxe6+ Rf7 40. Bc4 Rc8 41. Ba6 1-0

[Event "CHN-chT"]
[Site "China"]
[Date "2015.08.20"]
[Round "12.3"]
[White "Xu, Huahua"]
[Black "Li, Xueyi"]
[Result "1-0"]
[WhiteElo "2105"]
[BlackElo "2190"]
[PlyCount "63"]
[EventDate "2015.04.10"]
[EventType "team-match"]
[EventRounds "22"]
[EventCountry "CHN"]
[SourceTitle "EXT 2016"]
[Source "ChessBase"]
[SourceDate "2015.10.08"]
[SourceVersion "1"]
[SourceVersionDate "2015.10.08"]
[SourceQuality "1"]
[WhiteTeam "Shandong"]
[BlackTeam "Guangdong"]
[WhiteTeamCountry "CHN"]
[BlackTeamCountry "CHN"]

1. e4 c6 2. d4 d5 3. e5 c5 4. c3 Nc6 5. Nf3 cxd4 6. cxd4 Bg4 7. Be2 e6 8. 0-0 Nge7 9. Be3 Nf5 10. Nbd2 Be7 11. h3 Bh5 12. Qb3 Qb6 13. Qxb6 axb6 14. a3 0-0 15. Bd3 Nxe3 16. fxe3 Bg6 17. Bxg6 hxg6 18. Rfe1 b5 19. Nb3 Ra4 20. Rec1 Rfa8 21. Ne1 Bg5 22. Kf2 b4 23. axb4 Ra2 24. Nd3 R8a3 25. Rxa2 Rxa2 26. Kf3 Be7 27. Nbc5 b6 28. Nxe6 Nxe5+ 29. dxe5 fxe6 30. Rc6 Bxb4 31. Nxb4 Rxb2 32. Rxb6 1-0

[Event "Albena op-A"]
[Site "Albena"]
[Date "2015.06.24"]
[Round "8"]
[White "Xu, Huahua"]
[Black "Dukaczewski, Piotr"]
[Result "1-0"]
[WhiteElo "2110"]
[BlackElo "2293"]
[PlyCount "59"]
[EventDate "2015.06.17"]
[EventType "swiss"]
[EventRounds "9"]
[EventCountry "BUL"]
[SourceTitle "CBM 167 Extra"]
[Source "ChessBase"]
[SourceDate "2015.09.14"]
[SourceVersion "1"]
[SourceVersionDate "2015.09.14"]
[SourceQuality "1"]

1. e4 c5 2. Nf3 e6 3. d4 cxd4 4. Nxd4 a6 5. Nc3 Qc7 6. Be2 Nc6 7. Be3 Nf6 8. 0-0 b5 9. Nxc6 dxc6 10. a3 Bb7 11. f4 c5 12. e5 Nd5 13. Nxd5 exd5 14. c3 Rd8 15. Bd3 d4 16. cxd4 cxd4 17. Rc1 Qb6 18. Bd2 Rd5 19. Qe2 Be7 20. f5 g6 21. f6 Bf8 22. Bf4 Rd7 23. e6 fxe6 24. f7+ Rxf7 25. Be5 Rg8 26. Rxf7 Kxf7 27. Qf2+ Ke8 28. Rf1 Qc6 29. Qf7+ Kd8 30. Rf2 1-0

[Event "Albena op-A"]
[Site "Albena"]
[Date "2015.06.23"]
[Round "7"]
[White "Zhai, Mo"]
[Black "Xu, Huahua"]
[Result "1-0"]
[WhiteElo "2329"]
[BlackElo "2110"]
[PlyCount "121"]
[EventDate "2015.06.17"]
[EventType "swiss"]
[EventRounds "9"]
[EventCountry "BUL"]
[SourceTitle "CBM 167 Extra"]
[Source "ChessBase"]
[SourceDate "2015.09.14"]
[SourceVersion "1"]
[SourceVersionDate "2015.09.14"]
[SourceQuality "1"]

1. d4 d5 2. c4 c6 3. cxd5 cxd5 4. Bf4 Nc6 5. e3 Nf6 6. Nc3 Bf5 7. Qb3 Na5 8. Qa4+ Bd7 9. Qc2 Rc8 10. Bd3 e6 11. Nf3 b5 12. a3 Nc4 13. 0-0 Be7 14. Rfc1 0-0 15. Qe2 Nh5 16. Be5 f6 17. Bg3 Nxg3 18. hxg3 a5 19. e4 b4 20. axb4 axb4 21. Nd1 Nb6 22. e5 f5 23. Ne3 Na4 24. Bb5 Ra8 25. Nd2 Qe8 26. Bxa4 Bxa4 27. Rc7 Bd8 28. Rcc1 Qd7 29. Nb3 Bb6 30. Nc5 Bxc5 31. Rxc5 Rfc8 32. Qd2 Rcb8 33. Qd3 Qb7 34. Rac1 Rc8 35. Qd2 Rxc5 36. Rxc5 Bb3 37. Qc1 Qa6 38. Kh2 Re8 39. Rc6 Qb7 40. Qc5 Qf7 41. Rc7 Qh5+ 42. Kg1 h6 43. Qxb4 Ra8 44. Rc1 Bc4 45. Nxc4 dxc4 46. Qxc4 Qf7 47. b4 Qd7 48. b5 Rb8 49. Qc6 Qxc6 50. bxc6 Kf7 51. Ra1 Rc8 52. Ra7+ Kf8 53. Ra6 Ke8 54. Kf1 g6 55. Ke2 Rb8 56. c7 Rc8 57. Rxe6+ Kd7 58. Rxg6 Kxc7 59. Rxh6 Rg8 60. Rf6 Rh8 61. Rxf5 1-0

[Event "Golden Sands op-A"]
[Site "Golden Sands"]
[Date "2015.06.09"]
[Round "2"]
[White "Xu, Huahua"]
[Black "Ben Artzi, Ido"]
[Result "0-1"]
[WhiteElo "2110"]
[BlackElo "2397"]
[PlyCount "154"]
[EventDate "2015.06.08"]
[EventType "swiss"]
[EventRounds "9"]
[EventCountry "BUL"]
[SourceTitle "CBM 167 Extra"]
[Source "ChessBase"]
[SourceDate "2015.09.14"]
[SourceVersion "1"]
[SourceVersionDate "2015.09.14"]
[SourceQuality "1"]

1. e4 d6 2. d4 Nf6 3. Nc3 g6 4. Be3 c6 5. Qd2 Nbd7 6. Nf3 Bg7 7. Bd3 0-0 8. 0-0 e5 9. dxe5 dxe5 10. h3 Qe7 11. Ne2 b6 12. Ng3 Bb7 13. Qe2 a5 14. a4 Nc5 15. Bxc5 Qxc5 16. Bc4 Bh6 17. Rfd1 Bf4 18. Nf1 Rfd8 19. Rxd8+ Rxd8 20. b3 Qe7 21. Bd3 Bh6 22. Ng3 Nd7 23. Bc4 Nc5 24. Rd1 Rxd1+ 25. Qxd1 Bf4 26. Qe2 Bc8 27. Nf1 Bd7 28. Ne1 Bh6 29. Nh2 Bf8 30. Nhf3 Kg7 31. Nd3 b5 32. Nxc5 Qxc5 33. Bd3 f6 34. Qd2 bxa4 35. bxa4 Be6 36. c3 Qa3 37. Bc2 Bc5 38. Kh2 Qb2 39. Ne1 Qb6 40. Nd3 Bf8 41. Nc1 Kf7 42. Bd3 Ke8 43. c4 Bc5 44. Kg1 Bd4 45. Qc2 Qb4 46. Kf1 c5 47. Be2 Bd7 48. Bd1 Qa3 49. Ne2 Bb2 50. Ng3 Ke7 51. Qd2 Bxa4 52. Qxa5 Qd3+ 53. Be2 Qb1+ 54. Qe1 Qxe1+ 55. Kxe1 Bc3+ 56. Kf1 Bc2 57. f3 f5 58. Kf2 f4 59. Nf1 g5 60. g3 Kd7 61. Nh2 h5 62. gxf4 exf4 63. Bf1 Kd6 64. Ke2 Ke5 65. h4 gxh4 66. Bh3 Kd4 67. Bf5 Bd3+ 68. Kf2 Bxc4 69. Bg6 Bd3 70. Bxh5 c4 71. Bf7 Bd2 72. Nf1 c3 73. Bb3 Bxf1 74. Kxf1 Kd3 75. e5 c2 76. Bxc2+ Kxc2 77. e6 Bb4 0-1

[Event "CHN-chT"]
[Site "China"]
[Date "2015.06.06"]
[Round "7.2"]
[White "Xu, Huahua"]
[Black "Wang, Jue"]
[Result "0-1"]
[WhiteElo "2105"]
[BlackElo "2365"]
[PlyCount "98"]
[EventDate "2015.04.10"]
[EventType "team-match"]
[EventRounds "22"]
[EventCountry "CHN"]
[SourceTitle "EXT 2016"]
[Source "ChessBase"]
[SourceDate "2015.10.08"]
[SourceVersion "1"]
[SourceVersionDate "2015.10.08"]
[SourceQuality "1"]
[WhiteTeam "Shandong"]
[BlackTeam "Beijing"]
[WhiteTeamCountry "CHN"]
[BlackTeamCountry "CHN"]

1. e4 c5 2. Nf3 e6 3. d4 cxd4 4. Nxd4 Nc6 5. Nc3 a6 6. Be3 Qc7 7. Be2 b5 8. Nxc6 Qxc6 9. Bf3 Bb7 10. 0-0 Qc7 11. e5 Rc8 12. Bxb7 Qxb7 13. a3 Ne7 14. Qd3 Nf5 15. Rfd1 Rc4 16. b3 Nh4 17. Qxd7+ Qxd7 18. Rxd7 Rxc3 19. Ra7 Rc8 20. Rxa6 Nf5 21. Bb6 Be7 22. Ra5 b4 23. axb4 Bxb4 24. Rb5 Bc3 25. Ra4 0-0 26. g4 Nh4 27. f4 g5 28. Bc5 Rfd8 29. Bd6 Bd2 30. c4 Bxf4 31. h3 Nf3+ 32. Kf2 Nd4 33. Rb7 Nc6 34. Rb5 f6 35. c5 fxe5 36. Rb6 Rd7 37. Kf3 e4+ 38. Kxe4 Bxd6 39. cxd6 Rxd6 40. Rc4 e5 41. b4 Rd4+ 42. Rxd4 exd4 43. b5 Re8+ 44. Kd3 Re3+ 45. Kc4 Rc3+ 46. Kd5 d3 47. Rxc6 Rxc6 48. bxc6 d2 49. c7 d1Q+ 0-1

[Event "CHN-chT"]
[Site "China"]
[Date "2015.06.05"]
[Round "6.6"]
[White "Zhang, Xiaowen"]
[Black "Xu, Huahua"]
[Result "1-0"]
[WhiteElo "2349"]
[BlackElo "2105"]
[PlyCount "71"]
[EventDate "2015.04.10"]
[EventType "team-match"]
[EventRounds "22"]
[EventCountry "CHN"]
[SourceTitle "EXT 2016"]
[Source "ChessBase"]
[SourceDate "2015.10.08"]
[SourceVersion "1"]
[SourceVersionDate "2015.10.08"]
[SourceQuality "1"]
[WhiteTeam "Shanghai"]
[BlackTeam "Shandong"]
[WhiteTeamCountry "CHN"]
[BlackTeamCountry "CHN"]

1. e4 c5 2. Nf3 Nc6 3. d4 cxd4 4. Nxd4 g6 5. c4 Nf6 6. Nc3 Nxd4 7. Qxd4 d6 8. f3 Bg7 9. Be3 0-0 10. Qd2 a5 11. Na4 Nd7 12. Rd1 b6 13. b3 Bb7 14. Be2 Nc5 15. Nc3 f5 16. exf5 Rxf5 17. 0-0 Rf7 18. Nd5 Bxd5 19. Qxd5 Qf8 20. f4 Kh8 21. Bg4 Rd8 22. Rf3 Qe8 23. f5 Rf8 24. Rh3 gxf5 25. Bh5 Qd7 26. Bg6 h6 27. Bxh6 Bxh6 28. Qd4+ Rf6 29. Rxh6+ Kg7 30. Rh7+ Kg8 31. Qh4 Rxg6 32. Rxe7 Qxe7 33. Qxe7 Rd7 34. Qe8+ Kg7 35. Re1 Kh6 36. Re3 1-0

[Event "CHN-chT"]
[Site "China"]
[Date "2014.06.05"]
[Round "7.3"]
[White "Xu, Huahua"]
[Black "Zhang, Xiaowen"]
[Result "1/2-1/2"]
[WhiteElo "2110"]
[BlackElo "2392"]
[PlyCount "71"]
[EventDate "2014.04.12"]
[EventType "team-tourn"]
[EventRounds "22"]
[EventCountry "CHN"]
[SourceTitle "EXT 2015"]
[Source "ChessBase"]
[SourceDate "2014.11.20"]
[SourceVersion "1"]
[SourceVersionDate "2014.11.20"]
[SourceQuality "1"]
[WhiteTeam "Shandong"]
[BlackTeam "Shanghai"]
[WhiteTeamCountry "CHN"]
[BlackTeamCountry "CHN"]

1. e4 e6 2. d4 d5 3. Nd2 Nf6 4. e5 Nfd7 5. Bd3 c5 6. c3 Nc6 7. Ne2 cxd4 8. cxd4 f6 9. exf6 Nxf6 10. Nf3 Qc7 11. 0-0 Bd6 12. g3 0-0 13. Bf4 Bd7 14. Rc1 Rae8 15. Ne5 Qb8 16. Nxd7 Nxd7 17. Bxd6 Qxd6 18. f4 Qb4 19. Qb3 Qxb3 20. axb3 Rc8 21. Bb5 Ndb8 22. Bxc6 Nxc6 23. Rc3 Rf7 24. Rfc1 Rcf8 25. Re3 Rf6 26. Kg2 h6 27. h4 Kf7 28. b4 a6 29. Rb3 Kg8 30. b5 axb5 31. Rxb5 R8f7 32. Rc3 g5 33. hxg5 hxg5 34. Rcb3 gxf4 35. gxf4 Rg6+ 36. Rg3 1/2-1/2

[Event "Asian Continental op (Women) 13th"]
[Site "Sharjah"]
[Date "2014.04.21"]
[Round "5"]
[White "Xu, Huahua"]
[Black "Assaubayeva, Bibissara"]
[Result "0-1"]
[WhiteElo "2110"]
[BlackElo "1891"]
[PlyCount "104"]
[EventDate "2014.04.17"]
[EventType "swiss"]
[EventRounds "9"]
[EventCountry "UAE"]
[SourceTitle "CBM 160 Extra"]
[Source "ChessBase"]
[SourceDate "2014.07.01"]
[SourceVersion "1"]
[SourceVersionDate "2014.07.01"]
[SourceQuality "1"]

1. e4 e5 2. Nf3 Nc6 3. d4 exd4 4. Nxd4 Nf6 5. Nc3 Bb4 6. Nxc6 bxc6 7. Bd3 0-0 8. 0-0 d5 9. exd5 cxd5 10. h3 c6 11. Qf3 Bd6 12. Re1 Rb8 13. b3 Bb4 14. Bd2 Be6 15. a3 Bd6 16. Bf4 Re8 17. Ne2 c5 18. Rad1 Bxf4 19. Nxf4 Qa5 20. Qg3 Bd7 21. Rxe8+ Rxe8 22. a4 h6 23. Kh2 Bc6 24. Ne2 d4 25. Qd6 Be4 26. Ng3 Bxd3 27. Rxd3 Qb6 28. Qf4 Nd5 29. Qf5 Qe6 30. Rf3 g6 31. Qd3 h5 32. Qc4 Qd6 33. Kg1 Re1+ 34. Nf1 Nf4 35. g4 hxg4 36. hxg4 g5 37. b4 Qc6 38. Rxf4 gxf4 39. Qxc5 Qxc5 40. bxc5 Rc1 41. c6 Rxc2 42. Kg2 Rxc6 43. Nd2 Rc2 44. Ne4 d3 45. Kf3 Re2 46. Nc5 Rd2 47. a5 Rd1 48. Kxf4 d2 49. Nb3 Rf1 50. Nxd2 Rxf2+ 51. Ke3 Rg2 52. Ne4 Ra2 0-1

[Event "CHN-chT"]
[Site "China"]
[Date "2014.04.14"]
[Round "3.1"]
[White "Wang, Jue"]
[Black "Xu, Huahua"]
[Result "1/2-1/2"]
[WhiteElo "2371"]
[BlackElo "2110"]
[PlyCount "111"]
[EventDate "2014.04.12"]
[EventType "team-tourn"]
[EventRounds "22"]
[EventCountry "CHN"]
[SourceTitle "CBM 159 Extra"]
[Source "ChessBase"]
[SourceDate "2014.04.24"]
[SourceVersion "1"]
[SourceVersionDate "2014.04.24"]
[SourceQuality "1"]
[WhiteTeam "Beijing"]
[BlackTeam "Shandong"]
[WhiteTeamCountry "CHN"]
[BlackTeamCountry "CHN"]

1. e4 c5 2. Nf3 Nc6 3. d4 cxd4 4. Nxd4 g6 5. c4 Nf6 6. Nc3 Nxd4 7. Qxd4 d6 8. Be2 Bg7 9. Be3 0-0 10. Qd2 Qa5 11. 0-0 Be6 12. f3 Rfc8 13. Rfc1 a6 14. Rab1 Qd8 15. b3 Rab8 16. a4 b6 17. Bf1 Nd7 18. Nd5 Ne5 19. Qf2 Bxd5 20. exd5 e6 21. dxe6 fxe6 22. Rd1 Qc7 23. Rbc1 Qc6 24. Qd2 Rd8 25. Be2 Qe8 26. f4 Nc6 27. b4 e5 28. b5 Nd4 29. Bxd4 exd4 30. Bf3 a5 31. Re1 Qf8 32. Bc6 Qf5 33. Re4 d5 34. Re7 dxc4 35. Rxc4 Qf6 36. Re4 Qd6 37. Rc1 Rf8 38. Rce1 Rbd8 39. g3 d3 40. Kg2 Qa3 41. Rc4 Rd6 42. Ree4 Qb2 43. Qxb2 Bxb2 44. Re1 d2 45. Rd1 Rfd8 46. Kf3 Ba3 47. Ke2 Bb4 48. Re4 Kf7 49. Kf3 Rd3+ 50. Re3 R8d4 51. Be4 Rc3 52. Rxc3 Bxc3 53. Bc2 Kf6 54. h4 Ke7 55. Ke2 Bb4 56. Bd3 1/2-1/2

[Event "CHN-chT"]
[Site "China"]
[Date "2013.12.24"]
[Round "22.1"]
[White "Xu, Huahua"]
[Black "Munguntuul, Batkhuyag"]
[Result "1/2-1/2"]
[WhiteElo "2092"]
[BlackElo "2436"]
[PlyCount "84"]
[EventDate "2013.04.30"]
[EventType "team-tourn"]
[EventRounds "22"]
[EventCountry "CHN"]
[SourceTitle "EXT 2015"]
[Source "ChessBase"]
[SourceDate "2014.11.20"]
[SourceVersion "1"]
[SourceVersionDate "2014.11.20"]
[SourceQuality "1"]
[WhiteTeam "Hubei"]
[BlackTeam "Guangdong"]
[WhiteTeamCountry "CHN"]
[BlackTeamCountry "CHN"]

1. e4 g6 2. d4 Bg7 3. Nc3 a6 4. Be3 b5 5. Bd3 Bb7 6. f3 d6 7. Qd2 Nd7 8. Nce2 c5 9. c3 Qa5 10. Nh3 Ngf6 11. 0-0 0-0 12. Bc2 Rac8 13. d5 Ne5 14. b3 Qb6 15. Rad1 Rcd8 16. Nhf4 Bc8 17. Nd3 Nxd3 18. Bxd3 e6 19. c4 exd5 20. exd5 Rde8 21. Bg5 Nxd5 22. cxd5 c4+ 23. Kh1 cxd3 24. Qxd3 b4 25. Ng3 a5 26. Rfe1 Ba6 27. Qc2 h6 28. Be7 Rc8 29. Qe4 Rfe8 30. Qf4 Rc2 31. Bf6 Rxe1+ 32. Rxe1 Qf2 33. Rg1 Bxf6 34. Qxf6 Qc5 35. Ne4 Qxd5 36. Qd8+ Kg7 37. Nf6 Qe6 38. Ne8+ Kh7 39. Nf6+ Kg7 40. Ne8+ Kh7 41. Nf6+ Kg7 42. Ne8+ Kh7 1/2-1/2

[Event "CHN-chT"]
[Site "China"]
[Date "2013.12.21"]
[Round "19.5"]
[White "Dzagnidze, Nana"]
[Black "Xu, Huahua"]
[Result "1/2-1/2"]
[WhiteElo "2557"]
[BlackElo "2125"]
[PlyCount "90"]
[EventDate "2013.04.30"]
[EventType "team-tourn"]
[EventRounds "22"]
[EventCountry "CHN"]
[SourceTitle "EXT 2015"]
[Source "ChessBase"]
[SourceDate "2014.11.20"]
[SourceVersion "1"]
[SourceVersionDate "2014.11.20"]
[SourceQuality "1"]
[WhiteTeam "Hebei"]
[BlackTeam "Hubei"]
[WhiteTeamCountry "CHN"]
[BlackTeamCountry "CHN"]

1. d4 Nf6 2. c4 g6 3. Nc3 Bg7 4. Nf3 0-0 5. g3 d6 6. Bg2 Nc6 7. 0-0 Bg4 8. d5 Bxf3 9. exf3 Na5 10. b3 c6 11. Bb2 a6 12. dxc6 Nxc6 13. f4 Nd7 14. Re1 Nc5 15. Qd2 Re8 16. Re3 Qa5 17. Rae1 Ne6 18. a3 Ned4 19. b4 Qd8 20. Rd3 e5 21. Nd5 Rc8 22. c5 dxc5 23. bxc5 f6 24. Nb6 Rc7 25. Bd5+ Kh8 26. Bxc6 bxc6 27. Bxd4 exd4 28. Rxe8+ Qxe8 29. Rxd4 Bf8 30. Rd8 Qe7 31. Qd6 Kg7 32. Rxf8 Kxf8 33. Qd4 Kg7 34. a4 Qe6 35. Kg2 Re7 36. Qd6 Qe4+ 37. Kg1 Re6 38. Qd7+ Kh6 39. Nc8 Qb1+ 40. Kg2 Re1 41. Qh3+ Kg7 42. Qd7+ Kh6 43. Qh3+ Kg7 44. Qd7+ Kh6 45. Qh3+ Kg7 1/2-1/2

[Event "Zhongshan zt (Women)"]
[Site "Zhongshan"]
[Date "2013.11.08"]
[Round "11"]
[White "Xu, Huahua"]
[Black "Xu, Fei"]
[Result "1/2-1/2"]
[WhiteElo "2125"]
[BlackElo "1995"]
[PlyCount "114"]
[EventDate "2013.10.29"]
[EventType "swiss"]
[EventRounds "11"]
[EventCountry "CHN"]
[SourceTitle "EXT 2014"]
[Source "ChessBase"]
[SourceDate "2013.11.20"]
[SourceVersion "1"]
[SourceVersionDate "2013.11.20"]
[SourceQuality "1"]

1. e4 c5 2. Nf3 d6 3. d4 cxd4 4. Nxd4 Nf6 5. Nc3 a6 6. Be2 e5 7. Nb3 Be7 8. Bg5 Be6 9. Bxf6 Bxf6 10. Qd3 Qb6 11. Nd5 Bxd5 12. Qxd5 0-0 13. 0-0 Qc7 14. c3 Nc6 15. a4 Ne7 16. Qc4 Qd7 17. Rfd1 Rac8 18. Qb4 Rfd8 19. Na5 Nc6 20. Nxc6 Rxc6 21. Bc4 g6 22. Rd3 Kg7 23. Rad1 Be7 24. Bd5 Rc7 25. Qb3 Rf8 26. Rf3 Bg5 27. h3 h5 28. Rfd3 Rd8 29. Qb6 Rdc8 30. Bb3 Be7 31. Rd5 Qc6 32. Qe3 Rf8 33. a5 Rcc8 34. f4 exf4 35. Qxf4 b6 36. R1d2 bxa5 37. Kh1 a4 38. Bd1 a3 39. bxa3 Qxc3 40. Bxh5 Qxa3 41. R2d3 Rc1+ 42. Bd1 Rc3 43. Rxc3 Qxc3 44. Qd2 Qg3 45. Rd3 Qe5 46. Qc3 Bf6 47. Qxe5 Bxe5 48. g4 Rb8 49. Rb3 Rc8 50. Kg2 Kf6 51. Rb7 a5 52. Bb3 d5 53. Bxd5 Rc7 54. Rxc7 Bxc7 55. Bc6 Kg5 56. Kf3 f5 57. exf5 gxf5 1/2-1/2